Designing solutions for your business problems (See page 189 of "Designing solutions for your business problems" for CD-ROM information)

Book is an essential resource for managers and consultants who help organizations resolve ambiguous problems and develop new opportunities. Book will teach you how to curtail investigation and generate and justify ideas without sacrificing thoroughness, creativity, persuasiveness, and fit. You will...

Cijeli opis

Spremljeno u:
Bibliografski detalji
Glavni autor: Vandenbosch, Betty
Format: Knjiga
Jezik:Undetermined
Izdano: San Francisco Jossey-Bass 2003
Teme:
Oznake: Dodaj oznaku
Bez oznaka, Budi prvi tko označuje ovaj zapis!
Thư viện lưu trữ: Trung tâm Học liệu Trường Đại học Cần Thơ
LEADER 01240nam a2200205Ia 4500
001 CTU_220055
008 210402s9999 xx 000 0 und d
082 |a 658.403 
082 |b V227 
100 |a Vandenbosch, Betty 
245 0 |a Designing solutions for your business problems 
245 0 |b (See page 189 of "Designing solutions for your business problems" for CD-ROM information) 
245 0 |c Betty Vandenbosch 
260 |a San Francisco 
260 |b Jossey-Bass 
260 |c 2003 
520 |a Book is an essential resource for managers and consultants who help organizations resolve ambiguous problems and develop new opportunities. Book will teach you how to curtail investigation and generate and justify ideas without sacrificing thoroughness, creativity, persuasiveness, and fit. You will be able to capitalize on more opportunities, and your problem-solving skills will become more efficient and your solutions more compelling. This work will help you design better solutions and design them faster 
650 |a Management,Tư vấn kinh doanh,Quản trị,Cách giải quyết vấn đề,Problem solving,Business consultants 
904 |i Nguyên 
980 |a Trung tâm Học liệu Trường Đại học Cần Thơ